000 00651nam a2200229 i 4500
001 14784
003 ES-MaACL
005 20230906150905.0
007 t|
008 990603s1946 sp ||||1| spa d
080 _a791.43(091)
100 1 _aFalquina, Angel.
_948777
245 1 3 _aEl mundo del celuloide /
_cÁngel Falquina.
250 _a1ª ed.
260 _aMadrid :
_bAlejo Climent,
_c1946.
300 _a217 p., [24] p. de lám. ;
_c18 cm.
490 1 _aActualidad y reportajes ;
_v7
650 4 _aCine-
_vHistoria.
_9171029
830 1 _aActualidad y reportajes ;
_v7
_9228536
852 _aES-MaACL
_jL-21994
999 _c14784
_d14784